书目信息 |
| 题名: |
天津文史资料选辑
|
|
| 作者: | ;中国人民政治协商会议天津市委员会文史资料委员会 编 | |
| 分册: | 第24卷(70-72辑) | |
| 出版信息: | 天津 天津人民出版社 2014 |
|
| 页数: | 181,189,181页 | |
| 开本: | 23cm | |
| 丛书名: | ||
| 单 册: | ||
| 中图分类: | K292.1 | |
| 科图分类: | ||
| 主题词: | 文史资料--天津 | |
| 电子资源: | ||
| ISBN: | 978-7-201-08808-2 | |
| 000 | 00955nam0 2200265 450 | |
| 000 | 00918nam0 2200253 450 | |
| 000 | 00978nam0 2200253 450 | |
| 001 | 007639174 | |
| 005 | 20150323091204.03 | |
| 010 | @a978-7-201-08808-2@dCNY213.30 | |
| 100 | @a20150310d2014 em y0chiy50 ea | |
| 101 | 0 | @achi |
| 102 | @aCN@b120000 | |
| 105 | @aa z 000yy | |
| 106 | @ar | |
| 200 | 1 | @a天津文史资料选辑@9tian jin wen shi zi liao xuan ji@h第24卷(70-72辑)@f中国人民政治协商会议天津市委员会文史资料委员会编 |
| 205 | @a影印本 | |
| 210 | @a天津@c天津人民出版社@d2014 | |
| 215 | @a181,189,181页@c图@d23cm | |
| 606 | 0 | @a文史资料@y天津 |
| 690 | @aK292.1@v5 | |
| 711 | 02 | @a中国人民政治协商会议天津市委员会文史资料委员会@9zhong guo ren min zheng zhi xie shang hui yi tian jin shi wei yuan hui wen shi zi liao wei yuan hui@4编 |
| 801 | 0 | @aCN@b91MARC@c20150310 |
| 905 | @b0847798@dK292.1@e201:24@f1 | |
| 天津文史资料选辑.第24卷(70-72辑)/中国人民政治协商会议天津市委员会文史资料委员会编.-影印本.-天津:天津人民出版社,2014 |
| 181,189,181页:图;23cm |
| ISBN 978-7-201-08808-2:CNY213.30 |
| ● |
| 相关链接 |
|
|
|
|
正题名:天津文史资料选辑
索取号:K292.1/201:24
 
预约/预借
| 序号 | 登录号 | 条形码 | 馆藏地/架位号 | 状态 | 备注 |
| 1 | 0847798 | 208477986 | 地方文献典藏中心/ [索取号:K292.1/201:24] | 在馆 |